01188nam a2200265 i 4500001000700000003000900007005001700016007000300033008004100036100004400077245010700121260008400228300003200312502003700344504002700381594013400408650003200542650001900574655004300593710007200636852005000708942000800758999001900766952013700785190033ES-MaACL20250524063102.0t|200309s1972 sp |||| | spa d1 aViolant Ribera, Ramona, d1934-916990314a"El matrimonio entre hada y mortal" en el folklore de la zona pirenaica / cpor Ramona Violant Ribera. aBarcelona : b[Universidad, Facultad de Filosofía y Letras], c1972 (fIvern) a12 p. : b1 mapa ; c24 cm. aTesis-Univ. Barcelona (Extracto) aBibliografía: p. 12. aPrecede al tít.: Universidad de Barcelona. Secretariado de Publicaciones, Intercambio Científico y Extensión Universitaria. 4aLeyendas-zEspaña.914378 4aHadas.9171811 aTesis y escritos académicos 92268672 aUniversidad de Barcelona. bFacultad de Filosofía y Letras.971494 aES-MaACLjP-1415 (28)9197184bR.68610cDEPO2 2udc c190033d190033 00102udc4070aATENEOMbATENEOMcDEPO2d2005-05-28eDONACIONl0oP-1415 (28)p1201691r2023-02-23 00:00:00w2023-02-23yMONOGRAFIA